Signalisation ferroviaire - Quel pays? - Statistiques

Statistiques générales
  • Ce quiz a été pris 21 fois
  • Le résultat moyen est 17 sur 24
Statistiques - réponses
Par images Réponse % Correct
France
100%
France
100%
Allemagne
94%
Allemagne
94%
Espagne (Catalogne)
94%
États-Unis (Amtrak)
94%
Canada
83%
Japon
83%
Pays-Bas
83%
Italie
78%
Royaume-Uni
78%
Suisse
78%
Pologne
72%
Russie
72%
Suède/Norvège
72%
Belgique
67%
Danemark
67%
Luxembourg
61%
Luxembourg
61%
République Tchèque
56%
Australie (Nouvelle-Galles-du-Sud)
50%
Roumanie
50%
Nouvelle-Zélande
28%
Thaïlande
17%
Aucun quiz correspondant
Distribution des résultats
% des personnes avec chaque résultat
Percentile par nombre de réponses
Votre historique - résultats
Vous n’avez pas pris ce quiz